Statistics for Top 10 Geothermal Countries

Click here to take the quiz!

General Stats

  • This quiz has been taken 27,247 times
    (27,211 since last reset)
  • The average score is 6 of 10

Answer Stats

MegawattsCountry% Correct
3,676United States
96%
601Japan
86%
755Iceland
82%
2,133Indonesia
74%
963Mexico
72%
1,005New Zealand
56%
944Italy
54%
1,918Philippines
54%
1,526Turkey
33%
861Kenya
13%

Score Distribution

Percentile by Number Answered

Percent of People with Each Score

Your Score History

You have not taken this quiz since the last reset